000 00597nam a2200241Ia 4500
003 OSt
005 20250421101156.0
008 210324s9999||||xx |||||||||||||| ||und||
040 _cSTCPL
041 _aHIN
082 _aH301
_bALO-K
245 0 _aKatha bharati /
_cedited by Alok
_hकथा भारती
250 _a3rd ed.
260 _aNew Delhi :
_bPustak Vikreta ,
_c1972 .
300 _a206 p.
_bPB
650 _aHindi literature
650 _aHindi language
650 _aHindi fiction
650 _aStories
700 _a Alok (ed.)
942 _cBK
942 _2ddc
_n0
999 _c21510
_d21510